000 006220000a22002170004500
003 LK-CoMWRAF
005 20230907220307.0
008 230817t2004 ||||| |||| 00| 0 eng d
020 _a8186706771
040 _aLK-CoMWRAF
_dLK-CoMWRAF
_eLK-CoMWRAF
041 _aeng
082 _a823
_bCHU
100 _aChughtai, Ismat
245 _aA Chughtai collection :
_bThe Quilt and other stories the heart breaks free and the wild one
260 _aNew Delhi :
_bWomen Unlimited,
_c2004
300 _a382p
650 _aEnglish Fiction
700 _aNaqvi, Tahira
_etrans.
700 _aHameed, Syeda S.
_etrans.
942 _cBK
999 _c709
_d709